000 00731nam a2200121Ia 4500
008 220620s9999||||xx |||||||||||||| ||und||
245 0 _aGeography, Power, Strategy and Defence Policy: Essays in Honour of Paul Dibb
546 _aEnglish[eng]
650 _aaustralia||government||economic geography||defence policy||Canberra||Paul Dibb||Saul Dibb||Soviet Union||United States||White paper
700 _aBall, Desmond||Lee, Sheryn
856 _uhttps://library.oapen.org/bitstream/20.500.12657/32315/1/612750.pdf||https://library.oapen.org/bitstream/20.500.12657/32315/1/612750.pdf||https://library.oapen.org/bitstream/20.500.12657/32315/1/612750.pdf||https://library.oapen.org/bitstream/20.500.12657/32315/1/612750.pdf
942 _cEB
999 _c23385
_d23385